Reading by all means /

Everyone likes a good story. That is why narratives are enjoyable to read. Throughout history, people have told stories, both orally and in writing...

Bewaard in:
Bibliografische gegevens
Hoofdauteur: Dubin, Fraida.
Andere auteurs: Olshtain, Elite.
Formaat: Boek
Taal:English
Gepubliceerd in: USA : Addison-Wesley publishing company, 1981.
Onderwerpen:
Tags: Voeg label toe
Geen labels, Wees de eerste die dit record labelt!
Thư viện lưu trữ: Mạng thư viện Đại học Đà Nẵng
LEADER 00982cam a2200337 i 4500
001 000043592
003 1572
005 20030220163028.0
008 010217|1981 vm 000 eng
020 |a 0201100770 
040 |a IRC  |c IRC  |d IRC 
041 0 |a eng 
082 1 4 |a 420  |b DU-F 
100 1 |a Dubin, Fraida. 
245 0 0 |a Reading by all means /  |c Fraida Dubin, Elite Olshtain. 
260 |a USA :  |b Addison-Wesley publishing company,  |c 1981. 
300 |a 170p. ;  |c 21cm. 
520 3 |a Everyone likes a good story. That is why narratives are enjoyable to read. Throughout history, people have told stories, both orally and in writing... 
630 0 4 |a English language. 
650 0 4 |a English language. 
700 1 |a Olshtain, Elite. 
OWN |a DUT 
999 |a From the UDN01 
TYP |a Monograph 
TYP |a Printed language 
980 |a Mạng thư viện Đại học Đà Nẵng